000 00940nam a2200265Mi 4500
001 on1008636343
005 20171205114718.0
008 171205s2016 ck o 000 0 spa d
015 _ack-2016-xxxx
020 _a9789584800350
020 _a9584800353
035 _a(OCoLC)1008636343
040 _aCo-BoUCM
_bspa
_cSaul Niño
_dSaul Niño
041 0 _aspa
100 1 _aMogollón Pérez, Patricia
_990050
245 1 0 _aZayed, biografía de los Emiratos Árabes Unidos
_cPatricia Mogollón Pérez, Dixon Acosta Medellín
260 _aColombia
_bAutores Editores
_c2016
300 _a150 páginas
_bfotografías
600 1 4 _aZayid ibn Sultan Al Nahayyan
_d1918-2004
_990051
651 4 _aEmiratos Arabes Unidos
_xHistoria
_990052
651 4 _aEmiratos Arabes Unidos
_xDescripción
_990053
700 1 2 _aAcosta Medellín, Dixon
_990054
942 _2DEWEY
_a6
_cLIBRO
_e1
_h953.57
_mM696z
999 _c308811
_d308811